Advances in marine biology
Wedi'i Gadw mewn:
| Fformat: | Llyfr |
|---|---|
| Iaith: | Undetermined |
| Cyhoeddwyd: |
San Diego, CA
Academic Press
2007
|
| Pynciau: | |
| Tagiau: |
Ychwanegu Tag
Dim Tagiau, Byddwch y cyntaf i dagio'r cofnod hwn!
|
| Thư viện lưu trữ: | Trung tâm Học liệu Trường Đại học Cần Thơ |
|---|
| LEADER | 00478nam a2200181Ia 4500 | ||
|---|---|---|---|
| 001 | CTU_127843 | ||
| 008 | 210402s9999 xx 000 0 und d | ||
| 020 | |c 2062000 | ||
| 082 | |a 578.77 | ||
| 082 | |b A244/Vol.52 | ||
| 245 | 0 | |a Advances in marine biology | |
| 245 | 0 | |c Edited by David W. Sims | |
| 260 | |a San Diego, CA | ||
| 260 | |b Academic Press | ||
| 260 | |c 2007 | ||
| 650 | |a Marine biology. | ||
| 904 | |i Minh | ||
| 980 | |a Trung tâm Học liệu Trường Đại học Cần Thơ | ||